000 01157nam a2200277 i 4500
001 bg
100 1 _aFILKIN, David
245 1 0 _aWszechświat Stephena Hawkinga :
_bopisanie Kosmosu : Wielki Wybuch, czarne dziury, białe karty, zakrzywienia czasoprzestrzeni, życie, wszechświat i w ogóle wszystko wyłożone przystępnym językiem /
_cprzez Davida Filkina i przetł. [z ang.] przez Tomasza Hornowskiego ; [z przedmową Stephena Hawkinga].
246 _iTyt. oryg.:
_aStephen Hawking's Universe : the Cosmos explained
260 _aPoznań :
_bDom Wydawniczy "Rebis",
_c1998.
300 _a257 s. :
_bfot. kolor., portr. ;
_c28 cm.
500 _aOryg. : "Stephen Hawking's Universe : the Cosmos explained" 1997.
504 _aIndeks.
600 1 9 _aHawking, S. W. (1942- )
_xtwórczość
650 9 _aFizyka
_xhistoria
650 9 _aKosmologia
655 _aWydawnictwa popularne
700 1 _aHAWKING, Stephen W.
_d(1942- ).
_eprzedm
020 _a8371205627
040 _cBPK
041 1 _apl
_hen
080 _a524.8:53(091)](410)"19"(02.025.2)A/Z
920 _a83-7120-562-7
942 _cKS
008 s pl f |000 0 pol
999 _c36810
_d36810